000 00420nam a22001697a 4500
005 20230601171702.0
008 230601b |||||||| |||| 00| 0 eng d
020 _a9781259002076
082 _a621.382
_bHEY-I
100 _aHeywood,John.B
245 _aInternatioal Combustion Fundamentals
260 _aIndia
_bMcGrawHILL
_c2017
300 _a930
650 _aEngineering
700 _aJohn B.Heywood
999 _c18559
_d18559